00452nam a2200121Ia 45000010005000000080041000050820024000461000060000702450109001302600048002399010028002879990015003153711241024s9999 xx 000 0 und d aRD/305.2/R426i/2005 aRepública Dominicana.Secretaria de Estado de la Mujer 0aIncorporar el enfoque de equidad de género en las políticas públicas, una propuesta metodológica bSanto Domingo, República Dominicanac2008 a19/2/2014 10:37:40 a.m. c9876d9876